000 00909nam0a2200289 4500
001 RU\NLR\BIBL_A\011860733
005 20181127162415.0
010 _a978-5-04-097679-9
_93000
021 _aRU
_bКН-П-18-078567
_9КН-П-18-5684
035 _a(NLR Aleph) 011860733
090 _a12151686
_c12151686
100 _a20181112d2018 u y0rusy50 ca
101 0 _arus
102 _aRU
105 _ay z 000ay
200 1 _aПроклятое ожерелье Марии-Антуанетты
_e[роман]
_fОльга Баскова
210 _aМосква
_cЭксмо
_d2018
215 _a380 с.
_d17
225 1 _aАртефакт & Детектив
686 2 _aШ6(2=Р)8-446
700 1 _aБаскова
_bО.
_gОльга
_3RU\NLR\AUTH\770180464
942 _cBOOK
980 _aNBR
980 _aNB